NBA First Round Draft Picks of the 2020s - Statistics

General Stats
  • This quiz has been taken 234 times
    202 since last reset
  • The average score is 97 of 180
Answer Stats
Year # Team Player % Correct
2025 1 DAL Cooper Flagg
99%
2025 2 SAS Dylan Harper
94%
2021 20 ATL Jalen Johnson
93%
2025 6 WAS Tre Johnson
93%
2024 23 MIL A.J. Johnson
92%
2024 10 UTA Cody Williams
92%
2022 12 OKC Jalen Williams
92%
2021 21 LAC Keon Johnson
92%
2022 15 CHA Mark Williams
92%
2020 4 CHI Patrick Williams
92%
2025 3 PHI V.J. Edgecombe
92%
2025 5 UTA Ace Bailey
91%
2023 1 SAS Victor Wembanyama
91%
2021 10 MEM Ziaire Williams
91%
2020 1 MIN Anthony Edwards
89%
2025 4 CHA Kon Knueppel
89%
2024 2 WAS Alexandre Sarr
88%
2021 1 DET Cade Cunningham
88%
2022 4 SAC Keegan Murray
88%
2022 1 ORL Paolo Banchero
88%
2023 23 POR Kris Murray
87%
2024 4 SAS Stephon Castle
87%
2020 3 CHA LaMelo Ball
86%
2022 2 OKC Chet Holmgren
85%
2023 2 CHA Brandon Miller
84%
2021 3 CLE Evan Mobley
84%
2023 4 HOU Amen Thompson
83%
2023 5 DET Ausar Thompson
83%
2022 3 HOU Jabari Smith Jr.
83%
2023 3 POR Scoot Henderson
83%
2021 4 TOR Scottie Barnes
83%
2024 1 ATL Zaccharie Risacher
83%
2025 7 NO Jeremiah Fears
82%
2023 27 CHA Nick Smith Jr.
82%
2020 10 PHX Jalen Smith
81%
2024 3 HOU Reed Sheppard
81%
2023 26 IND Ben Sheppard
80%
2021 2 HOU Jalen Green
80%
2025 13 NO Derik Queen
78%
2025 8 BKN Egor Demin
78%
2020 18 DAL Josh Green
78%
2020 2 GSW James Wiseman
77%
2021 5 ORL Jalen Suggs
73%
2025 10 PHX Khaman Maluach
73%
2024 9 MEM Zach Edey
73%
2021 8 ORL Franz Wagner
72%
2022 5 DET Jaden Ivey
72%
2023 6 ORL Anthony Black
71%
2024 7 POR Donovan Clingan
71%
2024 8 MIN Rob Dillingham
71%
2025 14 SAS Carter Bryant
70%
2025 9 TOR Collin Murray-Boyles
69%
2024 26 OKC Dillon Jones
69%
2021 19 CHA Kai Jones
69%
2024 5 DET Ron Holland
69%
2024 11 CHI Matas Buzelis
68%
2022 13 DET Jalen Duren
67%
2021 7 GSW Jonathan Kuminga
67%
2023 16 UTA Keyonte George
67%
2024 24 WAS Kyshawn George
67%
2025 11 MEM Cedric Coward
66%
2022 6 IND Bennedict Mathurin
65%
2021 29 BKN Day'Ron Sharpe
64%
2024 12 OKC Nikola Topic
64%
2022 7 POR Shaedon Sharpe
64%
2024 17 LAL Dalton Knecht
63%
2020 5 CLE Isaac Okoro
63%
2024 16 PHI Jared McCain
63%
2025 16 POR Yang Hansen
63%
2023 10 OKC Cason Wallace
61%
2025 27 BKN Danny Wolf
61%
2021 22 IND Isaiah Jackson
61%
2021 6 OKC Josh Giddey
61%
2020 12 SAC Tyrese Haliburton
61%
2023 12 DAL Dereck Lively II
60%
2024 13 SAC Devin Carter
60%
2025 12 CHI Noa Essengue
60%
2021 16 HOU Alperen Sengun
59%
2023 7 WAS Bilal Coulibaly
58%
2020 11 SAS Devin Vassell
58%
2023 13 TOR Gradey Dick
58%
2024 15 MIA Kel'el Ware
58%
2024 6 CHA Tidjane Salaun
58%
2023 8 IND Jarace Walker
57%
2024 14 WAS Bub Carrington
56%
2022 21 DEN Christian Braun
55%
2021 9 SAC Davion Mitchell
55%
2020 7 DET Killian Hayes
55%
2021 14 GSW Moses Moody
55%
2020 14 BOS Aaron Nesmith
54%
2023 19 GSW Brandin Podziemski
54%
2025 28 BOS Hugo Gonzalez
54%
2023 18 MIA Jaime Jaquez Jr.
54%
2020 6 ATL Onyeka Okongwu
53%
2022 9 SAS Jeremy Sochan
52%
2020 21 PHI Tyrese Maxey
51%
2023 11 ORL Jett Howard
50%
2025 19 BKN Nolan Traore
50%
2021 17 NO Trey Murphy III
50%
2022 22 UTA Walker Kessler
49%
2020 30 MEM Desmond Bane
48%
2022 8 NO Dyson Daniels
48%
2023 30 LAC Kobe Brown
48%
2025 15 OKC Thomas Sorber
48%
2025 26 BKN Ben Saraf
47%
2020 9 WAS Deni Avdija
47%
2025 20 MIA Kasparas Jakucionis
45%
2020 8 NYK Obi Toppin
45%
2024 28 PHX Ryan Dunn
45%
2022 17 HOU Tari Eason
45%
2025 18 WAS Walter Clayton Jr.
45%
2024 21 NO Yves Missi
45%
2022 10 WAS Johnny Davis
44%
2025 25 ORL Jase Richardson
43%
2024 18 ORL Tristan da Silva
43%
2024 29 UTA Isaiah Collier
42%
2020 16 DET Isaiah Stewart
42%
2020 28 MIN Jaden McDaniels
42%
2022 11 OKC Ousmane Dieng
42%
2020 26 BOS Payton Pritchard
42%
2025 23 ATL Asa Newell
41%
2022 30 DEN Peyton Watson
41%
2023 17 LAL Jalen Hood-Schifino
40%
2025 17 MIN Joan Beringer
40%
2022 27 MIA Nikola Jovic
40%
2023 20 HOU Cam Whitmore
39%
2025 22 ATL Drake Powell
39%
2020 25 NYK Immanuel Quickley
39%
2025 29 CHA Liam McNeeley
38%
2025 30 LAC Yanic Konan Niederhauser
38%
2023 9 UTA Taylor Hendricks
37%
2024 30 BOS Baylor Scheierman
36%
2020 15 ORL Cole Anthony
36%
2021 15 WAS Corey Kispert
36%
2024 27 MIN Terrence Shannon Jr.
36%
2023 28 UTA Brice Sensabaugh
35%
2021 27 BKN Cam Thomas
35%
2023 15 ATL Kobe Bufkin
34%
2024 25 NYK Pacome Dadiet
34%
2024 20 CLE Jaylon Tyson
33%
2023 14 NO Jordan Hawkins
33%
2025 24 SAC Nique Clifford
33%
2023 29 DEN Julian Strawther
32%
2023 21 BKN Noah Clowney
32%
2022 16 ATL A.J. Griffin
31%
2021 30 MEM Santi Aldama
31%
2024 22 DEN DaRon Holmes II
30%
2023 25 DET Marcus Sasser
30%
2021 11 CHA James Bouknight
28%
2021 18 OKC Tre Mann
28%
2024 19 TOR Ja'Kobe Walter
27%
2021 12 SAS Joshua Primo
27%
2022 14 CLE Ochai Agbaji
27%
2021 25 NYK Quentin Grimes
27%
2020 19 DET Saddiq Bey
27%
2025 21 UTA Will Riley
27%
2020 17 OKC Aleksej Pokusevski
26%
2023 24 DAL Olivier-Maxence Prosper
26%
2021 26 DEN Bones Hyland
25%
2021 13 IND Chris Duarte
25%
2023 22 BKN Dariq Whitehead
24%
2022 18 CHI Dalen Terry
23%
2022 20 SAS Malaki Branham
23%
2022 29 HOU TyTy Washington Jr.
23%
2022 25 SAS Blake Wesley
20%
2020 22 DEN Zeke Nnaji
20%
2020 13 NO Kira Lewis Jr.
19%
2022 19 MEM Jake LaRavia
18%
2022 23 MEM David Roddy
17%
2022 24 MIL MarJon Beauchamp
17%
2021 24 HOU Josh Christopher
15%
2021 28 PHI Jaden Springer
14%
2020 29 TOR Malachi Flynn
14%
2020 20 MIA Precious Achiuwa
14%
2021 23 HOU Usman Garuba
13%
2022 28 GSW Patrick Baldwin Jr.
12%
2022 26 MIN Wendell Moore Jr.
11%
2020 24 DEN R.J. Hampton
8%
2020 27 UTA Udoka Azubuike
8%
2020 23 MIN Leandro Bolmaro
6%
No matching quizzes found
Score Distribution
Percent of People with Each Score
Percentile by Number Answered
Your Score History
You have not taken this quiz since the last reset